Sewers: replacement and new construction (Record no. 80434)

MARC details
000 -LEADER
fixed length control field 00824nam a2200193 a 4500
008 - FIXED-LENGTH DATA ELEMENTS--GENERAL INFORMATION
fixed length control field 070216s2004 ||||||||||||||||| || u
020 ## - INTERNATIONAL STANDARD BOOK NUMBER
International Standard Book Number 0750650834
050 ## - LIBRARY OF CONGRESS CALL NUMBER
Classification number TD 678 Sew
100 ## - MAIN ENTRY--PERSONAL NAME
Personal name Read, Geoffrey F
245 10 - TITLE STATEMENT
Title Sewers: replacement and new construction
Statement of responsibility, etc. edited by Geoffrey F. Read
250 ## - EDITION STATEMENT
Edition statement 1st ed.
260 ## - PUBLICATION, DISTRIBUTION, ETC.
Place of publication, distribution, etc. Amsterdam
Name of publisher, distributor, etc. Elsevier
Date of publication, distribution, etc. 2004
300 ## - PHYSICAL DESCRIPTION
Extent xii, 574p.: ill.
350 ## -
-- 0.00
650 ## - SUBJECT ADDED ENTRY--TOPICAL TERM
Topical term or geographic name entry element SEWERAGE--DESIGN AND CONSTRUCTION
650 ## - SUBJECT ADDED ENTRY--TOPICAL TERM
Topical term or geographic name entry element SEWERAGE
995 ## -
-- MAIN LIBRARY OPEN ACCESS
-- 0.00
-- 737592
-- CBU-MAIN LIBRARY (Kitwe)
-- 1
-- 0.00
-- TD 678 Sew
-- 1
-- AVAILABLE
-- Feb 16, 2007
-- 53013
-- Main Library Open Access Collection
995 ## -
-- MAIN LIBRARY OPEN ACCESS
-- 0.00
-- 738124
-- CBU-MAIN LIBRARY (Kitwe)
-- 1
-- 0.00
-- TD 678 SEW
-- 2
-- AVAILABLE
-- Nov 27, 2007
-- 738124
-- Main Library Open Access Collection
999 ## -
-- 80434
-- 80434
Holdings
Withdrawn status Lost status Source of classification or shelving scheme Damaged status Not for loan Permanent Location Current Location Shelving location Date acquired Total Checkouts Full call number Barcode Date last seen Copy number Price effective from Koha item type
          CBU-MAIN LIBRARY, KITWE. CBU-MAIN LIBRARY, KITWE.   06/29/2023   TD 678 Sew 53013 06/29/2023 1 06/29/2023 MONOGRAPH
          CBU-MAIN LIBRARY, KITWE. CBU-MAIN LIBRARY, KITWE.   06/29/2023   TD 678 Sew 738124 06/29/2023 2 06/29/2023 MONOGRAPH